000 00190nam a22000737a 4500
999 _c23779
_d23779
003 Nust
005 20170525113912.0
008 140116b xxu||||| |||| 00| 0 eng d
020 _cAvailable
_a9780262730099
040 _aDLC
_bDLC
_cRCMS
082 _22nd, ed.
_a658.152 BLA
100 _aNorbert Wiener
_91409
245 _aEngineering Economy
_hEnglish
250 _a2nd, ed.
260 _aUSA
_bThe Massachusetts Institute of Technology
_cc1961.
300 _axvi, 212 p. :
_bill, ;
_c22 cm.
538 _iShelf # 12, Row # 2, System Engineering.
650 _aControl & Communication in the Animal & Machine.
_91410
856 _3Table of Contents Only.
942 _2ddc
_cBK
_k658.152 BLA